00707nam a2200241 a 4500001001300000003000900013005001700022008004100039020001000080082001700090100003900107245001600146260005900162300000800221500003500229505001200264650002300276700003900299902000800338942000700346952009700353999001500450nice12345678IN_TiNIC20260116011750.0050524s1960 gena grp 000 0 eng  ac10000a297.409bINT aInternational, Headquarter Of Sufi aSufi Record aGenevabInternational Head Quarters of Sufi Movec1960 a56p aincludes index and biblioraphy2 aIndexes aSufism-Hagiography1 aInternational, Headquarter Of Sufi bSRS cBK 00104070aHMIbHMId2007-07-03g100.00l0o297.409 INTp08263r2007-07-03w2026-01-16yEB c3792d3792